Statistics for Dynasties of Israel

Click here to take the quiz!

General Stats

  • This quiz has been taken 161 times
  • The average score is 3 of 11

Answer Stats

Years (B.C.)DynastyKing(s)% Correct
1003 - 933House of DavidDavid, Solomon, Rehoboam
99%
1020 - 1003House of SaulSaul, Ish-bosheth
73%
933 - 910House of JeroboamJeroboam, Nadab
32%
866 - 843House of OmriOmri, Ahab, Ahaziah, Jehoram
19%
843 - 748House of JehuJehu, Jehoahaz, Joash, Jeroboam II, Zechariah
17%
886House of ZimriZimri
12%
910 - 886House of BaashaBaasha, Elah
10%
730 - 721House of HosheaHoshea
10%
738 - 730House of PekahPekah
10%
748House of ShallumShallum
9%
748 - 738House of MenahemMenahem, Pekahiah
7%

Score Distribution

Percentile by Number Answered

Percent of People with Each Score

Your Score History

You have not taken this quiz